Pokémon Obscure Trivia Trail - Statistics

General Stats
  • This quiz has been taken 33 times
  • The average score is 5 of 15
Answer Stats
Hint Answer % Correct
Move with a 30% freeze chance in Red and Green. Blizzard
65%
Pokémon whose official Japanese name romanization was changed in 2023. Umbreon
50%
Has access to both synchronize and synchronoise, but the latter will always fail. Umbreon
50%
Character who is mistakenly referred to in the French translation of the card "Green's Exploration". Leaf
40%
Tied with Kieran for the highest level pokémon owned by a rival. Nemona
40%
Gen 8 pokémon who loses its signature ability upon evolution. Yamper
40%
The colour of this pokémon's pre-evolution changed significantly between Gold/Silver and Crystal. Ariados
30%
Pikachu's cousin in "Pokémon Pocket Monsters". Clefairy
30%
Move which resulted in a 2004 episode of the anime going unaired. Earthquake
30%
Item whose bag sprite shows a fish head trapped in stone. Fossilized Drake
25%
Discontinued mobile game based on the pokémon TFG. (Pokémon) Duel
25%
Described by Bulbapedia as "perhaps the most controversial Pokémon manga ever published", this series was heavily censored for its international release. Electric Tale of Pikachu
20%
The name of several black belts (and one hiker), after the translator of the early-gen games. Nob
20%
The only unevolved pokémon allowed in smogon's RSE UU tier, prior to NFE clause being revoked in 2021. Scyther
20%
Spin-off game which featured compatability with NFC figurines a year before amiibo were released. (Pokémon) Rumble U
10%
No matching quizzes found
Score Distribution
Percent of People with Each Score
Percentile by Number Answered
Your Score History
You have not taken this quiz